El lobo (Record no. 110880)

MARC details
000 -LEADER
campo de control de longitud fija 00742nam a2200229 i 4500
001 - NÚMERO DE CONTROL
campo de control 110880
003 - IDENTIFICADOR DE NÚMERO DE CONTROL
campo de control ES-MaACL
005 - FECHA Y HORA DE LA ÚLTIMA TRANSACCIÓN
campo de control 20231223063057.0
007 - CAMPO FIJO DE DESCRIPCIÓN FÍSICA--INFORMACIÓN GENERAL
campo de control de longitud fija t|
008 - DATOS DE LONGITUD FIJA--INFORMACIÓN GENERAL
campo de control de longitud fija 040429s1917 sp ||||1| spa d
080 ## - NÚMERO DE LA CLASIFICACIÓN DECIMAL UNIVERSAL
Número de la Clasificación Decimal Universal 821.134.2-23"18"
100 1# - ENTRADA PRINCIPAL--NOMBRE DE PERSONA
Nombre de persona Dicenta, Joaquín,
Fechas asociadas al nombre 1863-1917
9 (RLIN) 44474
245 13 - MENCIÓN DEL TÍTULO
Título El lobo
Resto del título : drama en tres actos y en prosa /
Mención de responsabilidad, etc. original de Joaquín Dicenta.
260 ## - PUBLICACIÓN, DISTRIBUCIÓN, ETC.
Lugar de publicación, distribución, etc. [Madrid :
Nombre del editor, distribuidor, etc. La Novela Teatral,
Fecha de publicación, distribución, etc. 1917]
300 ## - DESCRIPCIÓN FÍSICA
Extensión 34 p. ;
Dimensiones 20 cm.
490 1# - MENCIÓN DE SERIE
Mención de serie La novela teatral ;
Designación de volumen o secuencia 6
500 ## - NOTA GENERAL
Nota general En la cub.: caricatura del autor por Tovar.
700 0# - ENTRADA AGREGADA--NOMBRE PERSONAL
Nombre de persona Tovar
Títulos y otros términos asociados al nombre , ilustrador.
9 (RLIN) 157378
830 0# - PUNTO DE ACCESO ADICIONAL DE SERIE-TÍTULO UNIFORME
Título uniforme La novela teatral ;
Designación de volumen o secuencia 6
9 (RLIN) 122427
852 ## - LOCALIZACIÓN
Ubicación ES-MaACL
Número de control de estantería 2214-F-5
Sublocalización o colección R.138674
Holdings
Estatus retirado Estado de pérdida Estado de daño No para préstamo Colección Biblioteca de origen Biblioteca actual Ubicación en estantería Fecha de adquisición Fuente de adquisición Total de préstamos Signatura topográfica completa Código de barras Visto por última vez Precio de reemplazo Tipo de ítem Koha
        Colección de folletos Biblioteca del Ateneo de Madrid Biblioteca del Ateneo de Madrid Depósito folletos 17/01/2008     2214-F-5 1115691 23/02/2023 23/02/2023 Folleto